000
00328nam a2200145Ia 4500
008
230312s9999||||xx |||||||||||||| ||und||
020
_a
8181285654
082
_a
620.11
_b
CAR-M
100
_a
Cardarelli, Francois
245
0
_a
Materials Handbook
260
_b
Springer
546
_a
Eng.
650
_a
Engineering
942
_c
BK
999
_c
6197
_d
6197